zpět

Detail výsledku týmu

Questerland - Vinohrady, Praha

Datum a čas kvízu

26.5 Celkem bodů Celkový počet nahraných bodů na tomto kvízu bez doplňovacích otázek.
8. Pořadí na kvízu Konečné umístění týmu na tomto kvízu.

Zaznamenané odpovědi

# Otázka Odpověď Body Výsledky
1. Nové politické hnutí bývalého... Martin Kuba; Jihočeský 0
2. Jeden americký stát zasáhla vl... Florida 0
3. Minulý týden byl představen tr... Michael 1
4. Do aukční historie se nově zap... Rembrandt (Harmenszoon van Rijn) 0
5. Přestože oficiální zahájení ol... v curlingu 1
6. 29. května roku 1500 umírá pob... Bartolomeu Dias 0
7. 8. února 1700 se narodil Danie... A) proudění tekutin 1
8. Za kulatý letopočet budeme dne... Burgtheater 0
9. 16. listopadu 1900 se v Olomou... Eliška Junková 0
10. Od 15. září do 1. října 2000 s... Štěpánka Hilgertová; Sydney 0.5